The king in exile : (Record no. 3150)

MARC details
000 -LEADER
fixed length control field 00736cam a2200205 4500
001 - CONTROL NUMBER
control field 3852
005 - DATE AND TIME OF LATEST TRANSACTION
control field 20181127172118.0
008 - FIXED-LENGTH DATA ELEMENTS--GENERAL INFORMATION
fixed length control field 120706s2012 ii af b 001 0 eng d
010 ## - LIBRARY OF CONGRESS CONTROL NUMBER
LC control number 2012339251
020 ## - INTERNATIONAL STANDARD BOOK NUMBER
International Standard Book Number 9350292262
International Standard Book Number 9789350292266
043 ## - GEOGRAPHIC AREA CODE
Geographic area code a-br---
-- a-ii---
100 1# - MAIN ENTRY--PERSONAL NAME
Personal name Shah, Sudha.
245 14 - TITLE STATEMENT
Title The king in exile :
Remainder of title the fall of the royal family of Burma /
Statement of responsibility, etc. Sudha Shah.
260 ## - PUBLICATION, DISTRIBUTION, ETC.
Place of publication, distribution, etc. New Delhi :
Name of publisher, distributor, etc. HarperCollins Publishers India,
Date of publication, distribution, etc. 2012.
300 ## - PHYSICAL DESCRIPTION
Extent xxiii, 456 p., [32] p. of plates :
Other physical details ill. ;
Dimensions 24 cm.
504 ## - BIBLIOGRAPHY, ETC. NOTE
Bibliography, etc. note Includes bibliographical references (p. 426-440) and index.
600 00 - SUBJECT ADDED ENTRY--PERSONAL NAME
Personal name Thibaw,
Titles and other words associated with a name King of Burma,
Dates associated with a name active 1875-1885
General subdivision Exile
Geographic subdivision India.
651 #0 - SUBJECT ADDED ENTRY--GEOGRAPHIC NAME
Geographic name Burma
General subdivision History
Chronological subdivision Konbaung dynasty, 1752-1885.
Holdings
Withdrawn status Lost status Source of classification or shelving scheme Damaged status Not for loan Collection code Home library Current library Shelving location Date acquired Serial Enumeration / chronology Inventory number Total Checkouts Total Renewals Full call number Barcode Date last seen Date last checked out Price effective from Koha item type
    Dewey Decimal Classification     Main TEST RTC Library RTC Library Main opac 07/01/2022 6519 1 8 959.1 SHA 30006312 29/07/2024 07/01/2022 27/11/2018 Main
Royal Thimphu College || All Right Reserved